| 000 | 00493nam a22001457a 4500 | ||
|---|---|---|---|
| 999 |
_c3633 _d3633 |
||
| 008 | 200623b ||||| |||| 00| 0 eng d | ||
| 020 | _a9280111469 | ||
| 082 | 0 | 0 |
_a628.16833 _bI339 |
| 110 |
_976 _aInternational Maritime Organization |
||
| 245 | 1 | 0 |
_aIMO/UNEP Guidelines on Oil Spill Dispersant Application And Environmental Considerations / _cby International Maritime Organization |
| 260 |
_aLondon _bIMO _c1982 |
||
| 300 | _a43 p. | ||
| 650 | 0 |
_aOil Spills _xEnvironmental Aspects |
|
| 942 | _cBK | ||